| 000 | 00515cam a2200145 4500500 | ||
|---|---|---|---|
| 005 | 20251228090859.0 | ||
| 041 | _afre | ||
| 042 | _adc | ||
| 100 | 1 | 0 |
_aHaye, François _eauthor |
| 245 | 0 | 0 | _aMarcher de la cathédrale de Paris à celle de Chartres |
| 260 | _c2019. | ||
| 500 | _a50 | ||
| 786 | 0 | _nBulletin de l’Amitié Charles Péguy | 166 | 2 | 2019-04-25 | p. 138-139 | 0180-8567 | |
| 856 | 4 | 1 | _uhttps://shs.cairn.info/revue-bulletin-de-lamitie-charles-peguy-2019-2-page-138?lang=fr&redirect-ssocas=7080 |
| 999 |
_c1602828 _d1602828 |
||